| 000 | 00361nam a2200145Ia 4500 | ||
|---|---|---|---|
| 008 | 230917s9999||||xx |||||||||||||| ||und|| | ||
| 040 |
_e4213 _aMAIN |
||
| 041 | _aEnglish | ||
| 082 | _a329.973 S19L | ||
| 100 | _aSahni, J N | ||
| 245 | 0 | _aLid off: Fifty years of Indian politics | |
| 260 |
_aAgra _bDeep Publications _c1972 |
||
| 300 | _a383 p. | ||
| 942 | _cBK | ||
| 999 |
_c123301 _d123301 |
||